Leading in turbulent times / (Record no. 18630)
[ view plain ]
| 000 -LEADER | |
|---|---|
| fixed length control field | 01071cam a2200289 a 4500 |
| 001 - CONTROL NUMBER | |
| control field | 16025050 |
| 005 - DATE AND TIME OF LATEST TRANSACTION | |
| control field | 20201128021127.0 |
| 008 - FIXED-LENGTH DATA ELEMENTS--GENERAL INFORMATION | |
| fixed length control field | 090903s2010 xxk fr 001 0 eng d |
| 010 ## - LIBRARY OF CONGRESS CONTROL NUMBER | |
| LC control number | 2009036740 |
| 020 ## - INTERNATIONAL STANDARD BOOK NUMBER | |
| International Standard Book Number | 9780273727538 (hardback) |
| 040 ## - CATALOGING SOURCE | |
| Original cataloging agency | DLC |
| Transcribing agency | DLC |
| Modifying agency | EG-ScBUE |
| 082 00 - DEWEY DECIMAL CLASSIFICATION NUMBER | |
| Classification number | 658.4092 |
| Edition number | 22 |
| Item number | KEL |
| 100 1# - MAIN ENTRY--PERSONAL NAME | |
| Personal name | Kelly, Kevin |
| Fuller form of name | (L. Kevin) |
| 9 (RLIN) | 36556 |
| 245 10 - TITLE STATEMENT | |
| Title | Leading in turbulent times / |
| Statement of responsibility, etc | Kevin Kelly and Gary E. Hayes. |
| 250 ## - EDITION STATEMENT | |
| Edition statement | 1st ed. |
| 260 ## - PUBLICATION, DISTRIBUTION, ETC. (IMPRINT) | |
| Place of publication, distribution, etc | Harlow, United Kingdom : |
| Name of publisher, distributor, etc | Pearson Financial Times / Prentice Hall, |
| Date of publication, distribution, etc | 2010. |
| 300 ## - PHYSICAL DESCRIPTION | |
| Extent | xxii, 167 p. ; |
| Dimensions | 23 cm. |
| 500 ## - GENERAL NOTE | |
| General note | Index : p. 157-164. |
| 505 0# - FORMATTED CONTENTS NOTE | |
| Formatted contents note | All change-Knowing when the winds are coming-All hands on deck -Navigating a new route-Mastering mutinies-Learning to tack-Living with turbulence-The leading turbulent times checklist. |
| 650 #0 - SUBJECT ADDED ENTRY--TOPICAL TERM | |
| Topical term or geographic name as entry element | Leadership |
| 9 (RLIN) | 1000 |
| 650 #0 - SUBJECT ADDED ENTRY--TOPICAL TERM | |
| Topical term or geographic name as entry element | Business planning |
| 9 (RLIN) | 3321 |
| 650 #0 - SUBJECT ADDED ENTRY--TOPICAL TERM | |
| Topical term or geographic name as entry element | Organizational change |
| 9 (RLIN) | 885 |
| 653 ## - INDEX TERM--UNCONTROLLED | |
| Resource For college | BAEPS, Business Administration |
| Arrived date list | November2014 |
| 655 ## - INDEX TERM--GENRE/FORM | |
| Form subdivision | |
| -- | 34232 |
| 700 1# - ADDED ENTRY--PERSONAL NAME | |
| Personal name | Hayes, Gary E. |
| 9 (RLIN) | 36557 |
| 942 ## - ADDED ENTRY ELEMENTS (KOHA) | |
| Source of classification or shelving scheme | Dewey Decimal Classification |
| Call number prefix | 658.4092 KEL |
| Withdrawn status | Item status | Source of classification or shelving scheme | Damaged status | Not for loan | Vendor | Home library | Current library | Shelving location | Date acquired | Source of acquisition | Cost, normal purchase price | Serial Enumeration / chronology | Total Checkouts | Total Renewals | Full call number | Barcode | Date last seen | Date last borrowed | Cost, replacement price | Koha item type |
|---|---|---|---|---|---|---|---|---|---|---|---|---|---|---|---|---|---|---|---|---|
| Dewey Decimal Classification | Baccah | Central Library | Central Library | First floor | 17/11/2014 | 176.00 | 20677 | 4 | 27 | 658.4092 KEL | 000037013 | 15/07/2025 | 19/12/2023 | 220.00 | Book - Borrowing |